Užití diferenciálních rovnic
Gespeichert in:
| 1. Verfasser: | |
|---|---|
| Körperschaft: | |
| Format: | Buch |
| Sprache: | Tschechisch |
| Veröffentlicht: |
Praha
Státní pedagogické nakladatelství
1984
|
| Tags: |
Keine Tags, Fügen Sie das erste Tag hinzu!
|
MARC
| LEADER | 00000nam a2200000 4500 | ||
|---|---|---|---|
| 001 | c115838 | ||
| 005 | 20190506134110.6 | ||
| 041 | 0 | |a cze | |
| 044 | |a CZ | ||
| 245 | 1 | 0 | |a Užití diferenciálních rovnic |c Jaroslav Barták |
| 264 | 1 | |a Praha |b Státní pedagogické nakladatelství |c 1984 | |
| 300 | |a 69 s. | ||
| 100 | 1 | |a Barták, Jaroslav | |
| 710 | 2 | |a Univerzita Karlova v Praze | |